| 000 | 00406nam a2200157Ia 4500 | ||
|---|---|---|---|
| 008 | 230312s9999||||xx |||||||||||||| ||und|| | ||
| 020 | _a81-317-1789-5 | ||
| 082 |
_a621.3815 _bCOR-D |
||
| 100 | _aCrouch,Alfred.L | ||
| 245 | 0 | _aDesign for Test | |
| 260 |
_bPearson Education _aIndia _c2008 |
||
| 300 | _a348 | ||
| 546 | _aEng. | ||
| 650 |
_aEngineering _vTest and Design-for Test Fundamentals |
||
| 942 | _cBK | ||
| 999 |
_c1679 _d1679 |
||